ბათუმის შოთა რუსთაველის სახელმწიფო უნივერსიტეტის ბიბლიოთეკა

The reconstruction of Georgia. (ბიბ.ჩანაწერი № 57604)

000 -LEADER
fixed length control field 00914cam a22002891 4500
001 - CONTROL NUMBER
control field 8470881
005 - DATE AND TIME OF LATEST TRANSACTION
control field 20200813120254.0
008 - FIXED-LENGTH DATA ELEMENTS--GENERAL INFORMATION
fixed length control field 721027s1966 mnu b 000 0 eng
010 ## - LIBRARY OF CONGRESS CONTROL NUMBER
LC control number 66018867
015 ## - NATIONAL BIBLIOGRAPHY NUMBER
National bibliography number GB67-10757
035 ## - SYSTEM CONTROL NUMBER
System control number (OCoLC)478712
040 ## - CATALOGING SOURCE
Original cataloging agency DLC
Transcribing agency ODaWU
Modifying agency OCoLC
-- Uk
-- DLC
041 ## - LANGUAGE CODE
Language code of text/sound track or separate title eng
050 00 - LIBRARY OF CONGRESS CALL NUMBER
Classification number F291
Item number .C66
080 ## - UNIVERSAL DECIMAL CLASSIFICATION NUMBER
Universal Decimal Classification number 94(479.22) C-74
082 ## - DEWEY DECIMAL CLASSIFICATION NUMBER
Classification number 975.804
100 1# - MAIN ENTRY--PERSONAL NAME
Personal name Conway, Alan,
Dates associated with a name 1920-2003.
9 (RLIN) 9196
245 14 - TITLE STATEMENT
Title The reconstruction of Georgia.
264 ## - PRODUCTION, PUBLICATION, DISTRIBUTION, MANUFACTURE, AND COPYRIGHT NOTICE
Place of production, publication, distribution, manufacture Minneapolis,
Name of producer, publisher, distributor, manufacturer University of Minnesota Press
Date of production, publication, distribution, manufacture, or copyright notice [1966].
300 ## - PHYSICAL DESCRIPTION
Extent vi, 248 p.
Dimensions 24 cm.
504 ## - BIBLIOGRAPHY, ETC. NOTE
Bibliography, etc. note Bibliography: p. [233]-237.
650 #0 - SUBJECT ADDED ENTRY--TOPICAL TERM
Topical term or geographic name entry element Reconstruction (U.S. history, 1865-1877)
Geographic subdivision Georgia.
9 (RLIN) 9197
653 ## - INDEX TERM--UNCONTROLLED
keyword საქართველოს რეკონსტრუქცია
653 ## - INDEX TERM--UNCONTROLLED
keyword ისტორია
906 ## - LOCAL DATA ELEMENT F, LDF (RLIN)
a 7
b cbc
c oclcrpl
d u
e ncip
f 19
g y-gencatlg
942 ## - ADDED ENTRY ELEMENTS (KOHA)
Source of classification or shelving scheme
Koha item type წიგნი
ეგზემპლარები
Withdrawn status Lost status Source of classification or shelving scheme Damaged status Not for loan Permanent Location Current Location Shelving location Date acquired Cost, normal purchase price Full call number Barcode Date last seen Copy number Price effective from Koha item type Public note
          ბათუმის შოთა რუსთაველის სახელმწიფო უნივერსიტეტის მთავარი ბიბლიოთეკა ბათუმის შოთა რუსთაველის სახელმწიფო უნივერსიტეტის მთავარი ბიბლიოთეკა წიგნსაცავი 2020-08-13 204.00 94(479.22) C-74 60812 2020-08-13 60812 2020-08-13 წიგნი 204 ლ.